00623nam a22002057a 4500003000400000005001700004008004100021020001800062040000900080082001700089100003700106245007300143260003400216300001800250500001900268630001800287650008400305942000900389999001900398OSt20220723081515.0220723b |||||||| |||| 00| 0 eng d a9789354240201 cSBCL a620.5bPOO-I aPoole, Charles paOwens, Frank J aIntroduction to nanoscience and nanotechnologybAn Indian adaptation aNew Delhib Wiley Indiac2022 a486p.aIndex. aPd. A/c. Fund. xGENERAL STACK 2NanotechnologyaNanotechnologyv Engineering and allied operations xTechnology cBOOK c134476d134476